| 000 | 00431nam a2200157Ia 4500 | ||
|---|---|---|---|
| 003 | IN-BaIIA | ||
| 008 | 211028s9999 xx 000 0 eng d | ||
| 040 | _cIIA Library | ||
| 080 |
_a523.44 _bIAU |
||
| 110 |
_aCincinnati Observatory _91373 |
||
| 245 | 0 |
_aMinor planets for 1947 _belements and opposition ephemerides _cCincinnati Observatory |
|
| 260 | _c1948 | ||
| 300 | _aii, 144p. | ||
| 650 |
_aMinor Planets _91374 |
||
| 942 | _cBK | ||
| 999 |
_c632 _d632 |
||